00451nam a2200157Ia 4500003000900000008004100009020001800050040001600068080002200084245009600106260002900202300001500231650001700246650001100263700001900274IN-BaIIA211028s9999 xx 000 0 eng d a0-444-50104-5 cIIA Library a047.1:535bPRO-39 0aProgress in opticsbvol. 39cedited by E. Wolf  aNew YorkbElsevierc1999 axii, 510p. aAstrophysics aOptics aWolf, E., ed.,